|
|
|
|
| LEADER |
00000cam a2200000 a 4500 |
| 001 |
vtls001479811 |
| 003 |
SK-MaSNL |
| 005 |
20260425224218.0 |
| 008 |
240226s2003 xo gr 000 0 slo |
| 015 |
|
|
|a SNBI2004/03-01457
|
| 035 |
|
|
|a SNK000435109
|
| 035 |
|
|
|a urn:nbn:sk:snk-am3j315
|
| 035 |
|
|
|a A696B31A-F993-4BF6-90DE-F52B69C8F25B
|
| 035 |
|
|
|a urn:nbn:sk:snk-am00gi1z
|
| 040 |
|
|
|a SNK
|b slo
|c SNK
|e AACR2
|
| 041 |
0 |
|
|a slo
|
| 043 |
|
|
|a e-xo---
|
| 044 |
|
|
|a xo
|c SK
|
| 072 |
|
7 |
|a 328
|x Zastupiteľské orgány. Vlády. Politické systémy jednotlivých krajín
|2 konspekt
|
| 080 |
|
|
|a 328.1
|2 2011
|
| 080 |
|
|
|a (437.6)
|2 2011
|
| 080 |
|
|
|a (047)
|2 2011
|
| 080 |
|
|
|a 328.1(437.6)(055)
|2 1997
|
| 080 |
|
|
|a 328/329
|2 2011
|
| 110 |
1 |
|
|a Slovensko.
|b Národná rada
|n (53 :
|d 2001 :
|c Slovensko)
|4 aut
|9 362872
|
| 245 |
1 |
0 |
|a Správa o 53. schôdzi Národnej rady Slovenskej republiky
|b 10. rokovací deň - 12. decembra 2001 : 11. rokovací deň - 13. decembra 2001 : 12. rokovací deň - 14. decembra 2001 : II. volebné obdobie
|n IV. časť
|
| 250 |
|
|
|a [1. vyd.]
|
| 260 |
|
|
|a Bratislava
|b Organizačný odbor Kancelárie Národnej rady SR
|c 2003
|
| 300 |
|
|
|a Strana 749-1039
|c 21 cm
|
| 366 |
|
|
|e 139 kusov
|
| 500 |
|
|
|a Názov z obálky
|
| 610 |
1 |
7 |
|a Slovensko.
|b Národná rada
|2 SNKKA
|9 165573
|
| 650 |
0 |
7 |
|a zákonodarné orgány
|2 SNKPH
|9 3645
|
| 650 |
0 |
7 |
|a politika a vláda
|2 SNKPH
|9 3868
|
| 651 |
|
7 |
|a Slovensko
|2 SNKPHgeo
|9 14231
|
| 655 |
|
7 |
|a uznesenia
|2 SNKPH
|9 70216
|
| 655 |
|
7 |
|a správy
|2 SNKPH
|9 70563
|
| 958 |
|
|
|a OND
|
| 999 |
|
|
|c 607259
|d 609189
|
| 952 |
|
|
|a SNK
|b SNK
|y PREZ
|7 0
|p 17A0439380
|o snkSC 116912
|i snkKSP 10557/2004
|0 0
|1 0
|4 0
|d 2004-08-06
|f 1
|l 0
|r 2025-10-16 00:00:00
|w 2026-02-23
|
| 952 |
|
|
|a SNK
|b SNK
|y VYP
|7 0
|p 17A0439370
|o snkSC 116912 D1
|i snkKSP 10558/2004
|0 0
|1 0
|4 0
|d 2004-08-06
|l 0
|r 2005-01-02 00:00:00
|w 2026-02-23
|